| 000 | 00536nam a2200169Ia 4500 | ||
|---|---|---|---|
| 008 | 180921t xxu||||| |||| 00| 0 sin d | ||
| 041 | _asin | ||
| 080 |
_a681.3 _bWIJ |
||
| 100 | _aWijeratne,N.P. | ||
| 245 | _aඉන්ටර්නෙට් හා ඊමේල් රහස් රුසක් (පස්වෙනි සංස්කරණය) | ||
| 246 | _aInternet saha E mail Rahas Resak | ||
| 260 |
_bAkarsha _aKotadeniyawa |
||
| 300 | _a208p,Pl., 21 cm | ||
| 942 | _cBK | ||
| 999 |
_c17681 _d17681 |
||
| 003 | LK-CoDNM | ||
| 040 |
_aLK-CoDNM _dLK-CoDNM _eLK-CoDNM |
||